000 00421nam a2200193Ia 4500
005 20250603144905.0
008 250603s9999 xx 000 0 und d
020 _a978-1-292-01291-9
050 _aKN 94 .S5/
100 _aSneddon Simon
245 0 _aEnviromental Law.
250 _a2nd edi.
260 _aEngland
260 _bPearson
260 _c2015
300 _a181 p
650 _aEngland
942 _cBK
999 _c40256
_d40256